000 01665cam a22004454i 4500
003 PE-LiUPU
005 20250731184508.0
035 _a(Sirsi) a153477
040 _aPE-LiUPU
_bspa
_cPE-LiUPU
_erda
049 _aPRUA
082 0 4 _a981.74
_bR52
245 0 0 _aVisoes de Brasíli :
_bpatrimonio preservaçāo desenvolvimento /
_cOtto Ribas (organizador).
264 1 _aBrasilia :bInstituto de Arquitetos do Brasil,
_c2005.
300 _a117 páginas :
_bilustraciones ;
_c21 cm
336 _atext
_2rdacontent
337 _aunmediated
_2rdamedia
338 _avolume
_2rdacarrier
505 0 _aAs lógicas que fundamentam o desenvolvimento urbano e a preservaçāo do patrimonio histórico-cultural -- Depoimento Candango -- Sobre o jogo de escalas em Brasília -- Brasília entre a preservaçāo e o crescimento -- A preservaçāo de Brasília.
526 _aP136
526 _aP135
526 _aP134
526 _aP133
526 _aP144
526 _aP143
526 _aP87
526 _aP35
526 _aP20
526 _aP14
526 _aP10
526 _aP06
650 1 4 _aBrasília (DF)
_ySiglo XXI
700 1 _aRibas Otto, (organizador).
910 _admb
_clch
_d20140122
942 _2ddc
_cBOOK
949 _a981.74 R52
_wDEWEY
_c1
_i69795
_lCCODEBUL1
_mBUL
_p00.00
_r0
_sY
_tBOOK
_u2015-07-06
_xBIBLIOTECA
_zUNKNOWN
_0DONACION
_o.STAFF. Colección General
994 _aC0
_bPEPRU
596 _a1
999 _a981.74 R52
_wDEWEY
_c6146
_i69795
_f2021-11-11
_g5
_lCCODEBUL1
_mBUL
_r0
_sY
_tBOOK
_u2015-7-6
_xTEOLOGIA
_zUNKNOWN
_0COMPRA
_o.STAFF. Colección General
_d6146
980 _81
_gALBERTO SANCHEZ Responsable de Automatización